000 00840nam a2200265 a 4500
008 951030s1991||||[C 0 slo c
020 _a8022203106
_c98
040 _aSNK
_bslo
_cSNK
_eAACR2
041 1 _aslo
_hslo
044 _axo
_cSK
080 _a782.071:929(084.12)
080 _a929(084.12)
080 _a929 Dvorský, Peter
100 1 _aŠtilichová, Danica
_4aut
245 1 0 _aPeter Dvorský
_cDanica Štilichová ; Danica Štilichová, Marta Dvorská, Danica Štilichová, Milan Veselý
250 _a1., vyd.
260 _aBratislava
_bTatran
_c1991
_eMartin
_fNeografia
300 _a104 s.
_bFot.
_c27 cm
500 _aIlustr. na front. a predsádkach.
700 1 _aŠtilichová, Danica
_4com
700 1 _aDvorská, Marta
_4com
700 1 _aŠtilichová, Danica
_4[ADC]
700 1 _aVeselý, Milan
_4bkd
958 _aA
999 _c15217
_d15217